| 000 | 00398cam a2200145ua 4500 | ||
|---|---|---|---|
| 003 | OSt | ||
| 008 | 241224b |||||||| |||| 00| 0 eng d | ||
| 041 | _aeng | ||
| 082 |
_a621.317 _bRAO/TE |
||
| 100 |
_aRao, S . _96331 |
||
| 245 | _aTesting,commissioning,operation and maintenance of electrical equipments / | ||
| 260 |
_aDelhi : _bKhanna publishers , _c1996. |
||
| 300 | _a1364 ; . | ||
| 942 | _cBK | ||
| 999 |
_c10339 _d10339 |
||